Delphi made simple (Record no. 63421)

MARC details
000 -LEADER
fixed length control field 01086nam a2200193 a 4500
008 - FIXED-LENGTH DATA ELEMENTS--GENERAL INFORMATION
fixed length control field 120416s1997 ||||||||||||||||| || u
020 ## - INTERNATIONAL STANDARD BOOK NUMBER
International Standard Book Number 0750632461
050 ## - LIBRARY OF CONGRESS CALL NUMBER
Classification number QA 76.73.D44 Mor
100 ## - MAIN ENTRY--PERSONAL NAME
Personal name Morris, Stephen
245 10 - TITLE STATEMENT
Title Delphi made simple
260 ## - PUBLICATION, DISTRIBUTION, ETC.
Place of publication, distribution, etc. Oxford
Name of publisher, distributor, etc. Butterworth-Heinemann
Date of publication, distribution, etc. 1997
350 ## -
-- 0.00
650 ## - SUBJECT ADDED ENTRY--TOPICAL TERM
Topical term or geographic name entry element COMPUTERS
650 ## - SUBJECT ADDED ENTRY--TOPICAL TERM
Topical term or geographic name entry element DELPHI--WINDOWS PROGRAMMING
995 ## -
-- MAIN LIBRARY OPEN ACCESS
-- 0.00
-- 734734
-- CBU-MAIN LIBRARY (Kitwe)
-- 3
-- 12.95
-- QA 76.73.D44 Mor
-- 3
-- AVAILABLE
-- 47850
-- Main Library Open Access Collection
995 ## -
-- ANNEX COLLECTION (Main Library)
-- 0.00
-- 734735
-- CBU-MAIN LIBRARY (Kitwe)
-- 4
-- 12.95
-- QA 76.73.D44 Mor
-- 4
-- AVAILABLE
-- May 31, 2006
-- 47845
-- Annex Low-Usage Collection
995 ## -
-- MAIN LIBRARY OPEN ACCESS
-- 0.00
-- 733272
-- CBU-MAIN LIBRARY (Kitwe)
-- 2
-- 29.95
-- QA 76.73.D44 Mor
-- 2
-- AVAILABLE
-- Jul 28, 2015
-- May 22, 2006
-- 45236
-- Main Library Open Access Collection
995 ## -
-- ANNEX COLLECTION (Main Library)
-- 0.00
-- 734736
-- CBU-MAIN LIBRARY (Kitwe)
-- 1
-- 12.95
-- QA 76.73.D44 Mor
-- 1
-- AVAILABLE
-- 47870
-- Annex Low-Usage Collection
999 ## -
-- 63421
-- 63421
Holdings
Withdrawn status Lost status Source of classification or shelving scheme Damaged status Not for loan Permanent Location Current Location Shelving location Date acquired Total Checkouts Full call number Barcode Date last seen Price effective from Koha item type
          CBU-MAIN LIBRARY, KITWE. CBU-MAIN LIBRARY, KITWE.   12/24/2022   QA 76.73.D44 Mor 47850 12/24/2022 12/24/2022 MONOGRAPH
          CBU-MAIN LIBRARY, KITWE. CBU-MAIN LIBRARY, KITWE.   12/24/2022   QA 76.73.D44 Mor 47845 12/24/2022 12/24/2022 MONOGRAPH
          CBU-MAIN LIBRARY, KITWE. CBU-MAIN LIBRARY, KITWE.   12/24/2022   QA 76.73.D44 Mor 45236 12/24/2022 12/24/2022 MONOGRAPH
          CBU-MAIN LIBRARY, KITWE. CBU-MAIN LIBRARY, KITWE.   12/24/2022   QA 76.73.D44 Mor 47870 12/24/2022 12/24/2022 MONOGRAPH